000 00425nam a2200145Ia 4500
008 151213s9999 xx 000 0 und d
100 _aHarinder Kohli
245 _aChoices for Efficient Private Provision of Infrastructure in East Asia.
_cHarinder Kohli
260 _aWashington D. C
_bThe World Book
_c1997
300 _a2005 p.
650 _aManagement
650 _aManagement
700 _aHarinder Kohli
999 _c1467
_d1467